Statistics for Race-to-Nine Word Puzzle #2

Click here to take the quiz!

General Stats

  • This quiz has been taken 36,776 times
  • The average score is 4 of 7

Answer Stats

#Answer% Correct
3Est, Set, Tes
100%
4Nest, Nets, Sent, Sten, Tens
99%
5Cents, Scent
97%
6Incest, Insect, Nicest, Scient
70%
7Notices, Section
38%
8Counties
18%
9Tenacious
9%

Score Distribution

Percentile by Number Answered

Percent of People with Each Score

Your Score History

You have not taken this quiz